000 00522nam a2200193Ia 4500
003 OSt
005 20230418120120.0
008 210423s2009 xx 000 0 und d
040 _cAL
041 _aeng
082 _a658.421
_223
_bSHUM
100 _aSHUKLA (Mata Badal).
_977869
245 _aEntrepreneurship and small business management.
260 _aAllahabad
_bKitab Mahal
_c2009
300 _aviii,672
365 _b260
_cINR
906 _abusiness ; Entrepreneurship ; management. ; small
942 _2ddc
_cBK
999 _c155085
_d155085